Largest Companies in the World - Statistics

General Stats
  • This quiz has been taken 143 times
  • The average score is 14 of 50
Answer Stats
Rank Country Industry Answer % Correct
1 South Korea Electronics Samsung
93%
2 Japan Automotive Toyota
85%
20 Germany Automotive BMW
84%
3 Germany Automotive Volkswagen
83%
14 United States Electronics Apple
81%
7 United States Automotive Ford
78%
6 United States Automotive General Motors
70%
18 Japan Automotive Honda
68%
22 Switzerland Food & Beverages Nestle
55%
30 South Korea Automotive Hyundai
51%
46 Renault Automotive Renault
47%
10 Japan Automotive Nissan
46%
25 Japan Electronics Sony
45%
29 Japan Automotive/Engineering Mitsubishi
38%
32 United States Aerospace & Defense Boeing
37%
4 Germany Automotive Daimler
35%
34 United States Pharmaceuticals Pfizer
33%
13 Germany Engineering Siemens
33%
23 France Automotive Peugeot
31%
15 United States Electronics IBM
27%
33 Netherlands Aerospace & Defense Airbus Group
26%
37 United States Food & Beverages PepsiCO
24%
38 United States Personal care products Johnson & Johnson
22%
19 Japan Engineering Panasonic
22%
42 United States Electronics Dell
20%
26 Japan Engineering Toshiba
19%
17 Germany Chemicals BASF
18%
39 Netherlands Consumer goods Unilever
17%
27 Germany Engineering Bosch
14%
11 Taiwan Electronics Hon Hai Precision Industry
12%
43 United States Construction equipment Caterpillar
11%
9 Japan Engineering Hitachi
11%
21 Luxembourg Steel ArcelorMittal
10%
45 Switzerland Pharmaceuticals Novartis
10%
8 United States Electronics Hewlett-Packard
9%
35 China Automotive SAIC Motor
7%
36 Japan Engineering Mitsui
5%
31 Germany Steel ThyssenKrupp
5%
50 Japan Electronics Fujitsu
4%
5 United States Engineering General Electrics
3%
41 South Korea Steel POSCO
3%
47 France Building materials Saint-Gobain
3%
40 China Automotive Dongfeng Motor Group
2%
48 United States Engineering United Technologies
2%
44 United States Chemicals Dow Chemical
1%
28 China Chemicals Sinochem
1%
16 United States Pharmaceuticals Cardinal Health
0%
12 Italy Investment Exor
0%
49 China Automotive FAW Group
0%
24 United States Consumer goods Protector & Gamble
0%
No matching quizzes found
Score Distribution
Percent of People with Each Score
Percentile by Number Answered
Your Score History
You have not taken this quiz